LEADER 00431naa a2200133 i 4500 001 000000326734 003 CaOOAMICUS 005 20180831173528.0 008 180831n it u000 u ita u 013 $a37894 040 $aSeMil$bita 245 10$aDa una casa di ringhiera. 773 0 $tUbi fides ibi libertas.$dSiena : Cantagalli, 2016.$z978-88-6879-375-3$gp.31-34$w()206829 996 $6245$aDa una casa di ringhiera$9(OLS)http://semarc/title/399793 LEADER 00837nam a2200205 i 4500 001 000000046370 003 CaOOAMICUS 005 20251218143535.0 008 090922s1967 xx u000 u fre u 013 $a17540 040 $aSeMil$bita 245 10$a1: Le temporal /$cF. Lefèvre. 300 $aLVI, 333 p. 490 0 $aSpicilegium Sacrum Lovaniense : études et documents ;$vFascicule34. 773 0 $tOrdinaire de la collégiale, autrefois cathédrale de Tongres.$dLouvain : Spicilegium Sacrum Lovaniense, 1967-1968.$kSpicilegium Sacrum Lovaniense$g1$w()1215 830 0$aSpicilegium Sacrum Lovaniense ;$v34.$0(OLS)http://semarc/title/359 850 $aSeMil 852 $aSeMil$W1$xVenegono$y1$m2IA B 34$j256364$B12525$CSeMilBibl$Z2$F12525 $81 996 $6245$a1: Le temporal$9(OLS)http://semarc/title/69301